A Face Defaced: (Record no. 206807)

MARC details
000 -LEADER
fixed length control field 00596nam a22001937a 4500
005 - DATE AND TIME OF LATEST TRANSACTION
control field 20241028144954.0
010 ## - LCCN (DPL NO)
LC control number ENG-142462
020 ## - INTERNATIONAL STANDARD BOOK NUMBER
Terms of availability 150.00
035 ## - SYSTEM CONTROL NUMBER
System control number EN-125994
037 ## - SOURCE OF ACQUISITION
Source of stock number/acquisition DBAD
082 ## - DEWEY DECIMAL CLASSIFICATION NUMBER
Classification number 881
100 ## - MAIN ENTRY--PERSONAL NAME
Personal name Raju, Sarakonda Narasimha Raju
245 ## - TITLE STATEMENT
Title A Face Defaced:
Remainder of title Anthology of Poems/
Statement of responsibility, etc by Sarikonda Narasimha Raju
260 ## - PUBLICATION, DISTRIBUTION, ETC. (IMPRINT)
Place of publication, distribution, etc Andhra Pradesh and Telangana
Name of publisher, distributor, etc Srujana Arts Academy
270 ## - ADDRESS
Address Nagarjuna Sagar
City Andhra Pradesh and Telangana
300 ## - PHYSICAL DESCRIPTION
Extent 160p.
Dimensions 22cm(pbk)
700 ## - ADDED ENTRY--PERSONAL NAME
Personal name translated by Mo
9 (RLIN) 73562
942 ## - ADDED ENTRY ELEMENTS (KOHA)
Source of classification or shelving scheme Dewey Decimal Classification
Item type English Books
Classification part 881
Call number suffix RAJ
Holdings
Withdrawn status Lost status Not for loan Collection code Home library Current library Date acquired Source of acquisition Cost, normal purchase price Full call number Barcode Copy number Cost, replacement price Koha item type
      Non-fiction Bawana Bawana 19/11/2024 DBAD 150.00 881 RAJ EN-125994 1 150.00 English Books

© Delhi Public Library
Hit Counter
free hit counter